| 000 | 01591cam a22003614a 4500 | ||
|---|---|---|---|
| 001 | 12776924 | ||
| 003 | OSt | ||
| 005 | 20160601133142.0 | ||
| 008 | 020516s2002 vaua b 001 0 eng | ||
| 010 | _a 2002007798 | ||
| 020 | _a9780871206640 | ||
| 040 |
_aDLC _cDLC _dDLC |
||
| 042 | _apcc | ||
| 043 | _an-us--- | ||
| 050 | 0 | 0 |
_aLB 1028.4 _b.I53 2002 |
| 082 | 0 | 0 |
_aGLT 371.335 _bIn2 2002 |
| 100 |
_aSimkins, Michael _922389 |
||
| 245 | 0 | 0 |
_aIncreasing student learning through multimedia projects / _cMichael Simkins ... [et al.]. |
| 260 |
_aAlexandria, Va. : _bAssociation for Supervision and Curriculum Development, _cc2002. |
||
| 300 |
_a140 p. : _bill ; _c18 x 23 cm. |
||
| 500 | _a"ASCD Product No. 102112"--T.p. verso. | ||
| 504 | _aIncludes bibliographical references (p. 132) and index. | ||
| 505 | 0 | _aWhat is project-based multimedia learning? -- A multimedia primer -- Making a real-world connection -- Defining and planning a multimedia learning project -- Ready, set, go! -- The roles of assessment -- Teachers and students : evolving roles -- Finding support for your project -- Building systemic support. | |
| 562 | _e1 | ||
| 650 | 0 |
_aMedia programs (Education) _zUnited States. _922390 |
|
| 650 | 0 |
_aInteractive multimedia _zUnited States. _922391 |
|
| 650 | 0 |
_aProject method in teaching _zUnited States. _922392 |
|
| 700 | 1 |
_aSimkins, Michael, _d1948- _922393 |
|
| 906 |
_a7 _bcbc _corignew _d1 _eecip _f20 _gy-gencatlg |
||
| 942 |
_2lcc _cBK |
||
| 999 |
_c12503 _d12503 |
||